000
00322 a2200133 4500
005
20250419082846.0
020
_a
978-0-7088-9839-0
082
_a
808 WHT
100
_a
WHITEHEAD, C.
245
_a
The Underground Railroad
260
_a
London,
_b
Fleet,
_c
2016.
300
_a
306p., picture,
_c
23cm.
942
_2
ddc
_c
BKS
999
_c
1583
_d
1583